000 00821nam a2200265Ia 4500
003 OSt
005 20221005060232.0
006 a|||||r|||| 00| 0
007 ta
008 221004b |||||||| |||| 00| 0 eng d
020 _a0415341035 (hbk)
_c6998.05
024 _a86543
037 _b114, 22/11/2007, Prachi Book Distributors
_cTextual
040 _aCRL
_cCRL
_beng
041 _2eng
_aeng
082 _aP:3, P6
100 _aFukui Naoki
_9599498
245 0 _aTheoretical comparative syntax
_b studies in macroparameters
260 _aLondon
_bRouteldge Taylor & Francis UK
_c2006
300 _aix,422p.
_ccm.
490 _aRiutledge leading linguists
650 _aLINGUISTICS
942 _hP:3, P6
_cTEXL
_2cc
999 _c966388
_d966388